000 00364 a2200145 4500
001 63137
040 _cAnchieta - Pituba
100 _aMustafa, Allysson Queiroz
240 1 0 _a2ª Avaliação de História, II Unidade
_lpor
245 1 0 _a2ª Avaliação de História, II Unidade
300 _a5
362 0 _a2017
650 4 _aGeografia e História
942 _cBK
999 _c63137
_d63137